5HLuxD.jpg

KING HENRY VIII SENIOR AND PRIMARY SCHOOL LIBRARY OPAC

Harry Potter and the Deathly Hallows / (Record no. 10)

000 -LEADER
fixed length control field 00817cam a2200253 a 4500
001 - CONTROL NUMBER
control field (Sirsi) a948689
003 - CONTROL NUMBER IDENTIFIER
control field OSt
005 - DATE AND TIME OF LATEST TRANSACTION
control field 20191206125254.0
008 - FIXED-LENGTH DATA ELEMENTS--GENERAL INFORMATION
fixed length control field 140515r20142007enk d 000 1 eng
020 ## - INTERNATIONAL STANDARD BOOK NUMBER
International Standard Book Number 9781408855713
Qualifying information (pbk.) :
020 ## - INTERNATIONAL STANDARD BOOK NUMBER
International Standard Book Number 1408855712
Qualifying information (pbk.) :
040 ## - CATALOGING SOURCE
Original cataloging agency StDuBDS
Language of cataloging eng
Transcribing agency StDuBDS
Modifying agency UkOxU
-- TAE
042 ## - AUTHENTICATION CODE
Authentication code nbic
082 0# - DEWEY DECIMAL CLASSIFICATION NUMBER
Classification number FIC ROW
100 1# - MAIN ENTRY--PERSONAL NAME
Personal name Rowling, J. K.
245 10 - TITLE STATEMENT
Title Harry Potter and the Deathly Hallows /
Statement of responsibility, etc. J.K. Rowling.
260 ## - PUBLICATION, DISTRIBUTION, ETC.
Place of publication, distribution, etc. London :
Name of publisher, distributor, etc. Bloomsbury,
Date of publication, distribution, etc. 2014.
300 ## - PHYSICAL DESCRIPTION
Extent 619 p. ;
Dimensions 20 cm.
490 ## - SERIES STATEMENT
Series statement The Harry Potter series ;
Volume/sequential designation 7
500 ## - GENERAL NOTE
General note Originally published: 2007.
600 10 - SUBJECT ADDED ENTRY--PERSONAL NAME
Personal name Potter, Harry
Titles and other words associated with a name (Fictitious character)
Form subdivision Juvenile fiction.
650 #0 - SUBJECT ADDED ENTRY--TOPICAL TERM
Topical term or geographic name entry element Hogwarts School of Witchcraft and Wizardry (Imaginary organization).
Form subdivision Juvenile fiction.
942 ## - ADDED ENTRY ELEMENTS (KOHA)
Source of classification or shelving scheme
Koha item type Books - Fiction
Holdings
Withdrawn status Lost status Source of classification or shelving scheme Damaged status Not for loan Collection code Permanent Location Current Location Shelving location Date acquired Total Checkouts Full call number Barcode Date last seen Date last checked out Copy number Price effective from Koha item type
          Fiction KH8 Senior School Library KH8 Senior School Library Fiction 2019-07-23 6 FIC ROW 3KHSL000101293 2024-11-20 2020-01-09 1 2019-07-23 Books - Fiction
          Fiction KH8 Senior School Library KH8 Senior School Library Fiction 2019-12-06 3 FIC ROW 3KHSL000101507 2024-11-13 2024-11-08 2 2019-12-06 Books - Fiction

Powered By KH8 IT Dept